Southville International School and Colleges
Your cart is empty.
  • Cart
  • Lists
    Public lists Eva Luna New books Lux_list list_1
    Your lists Log in to create your own lists
  • Log in to your account
  • Your cookies
  • Search history
Southville International School and Colleges
  • Advanced search
  • Recent comments
  • Most popular
  • Libraries

Log in to your account

Log in with GOOGLE


If you do not have an external account, but do have a local account, you can still log in:

  1. Home
  2. MARC view: The early American Industrial Revolution, 1793-1850 /
Normal view MARC view ISBD view

The early American Industrial Revolution, 1793-1850 / (Record no. 8542)

[ view plain ]
MARC details
000 -LEADER
fixed length control field 01421cam a22003734a 4500
001 - CONTROL NUMBER
control field 12849425
003 - CONTROL NUMBER IDENTIFIER
control field OSt
005 - DATE AND TIME OF LATEST TRANSACTION
control field 20140310182029.0
008 - FIXED-LENGTH DATA ELEMENTS--GENERAL INFORMATION
fixed length control field 020710s2003 mnua c b 001 0 eng
010 ## - LIBRARY OF CONGRESS CONTROL NUMBER
LC control number 2002010826
020 ## - INTERNATIONAL STANDARD BOOK NUMBER
International Standard Book Number 0736815570 (hardcover)
040 ## - CATALOGING SOURCE
Original cataloging agency DLC
Transcribing agency DLC
Modifying agency DLC
042 ## - AUTHENTICATION CODE
Authentication code pcc
-- lcac
043 ## - GEOGRAPHIC AREA CODE
Geographic area code n-us---
050 00 - LIBRARY OF CONGRESS CALL NUMBER
Classification number HC 105
Item number .B13 2003
082 00 - DEWEY DECIMAL CLASSIFICATION NUMBER
Classification number HS 330.973
Item number B14 2003
100 1# - MAIN ENTRY--PERSONAL NAME
Personal name Bagley, Katie
9 (RLIN) 10147
245 14 - TITLE STATEMENT
Title The early American Industrial Revolution, 1793-1850 /
Statement of responsibility, etc Katie Bagley.
260 ## - PUBLICATION, DISTRIBUTION, ETC. (IMPRINT)
Place of publication, distribution, etc Mankato, MN. :
Name of publisher, distributor, etc Bridgestone Books,
Date of publication, distribution, etc c2003.
300 ## - PHYSICAL DESCRIPTION
Extent 48 p. :
Other physical details col. ill. ;
Dimensions 24 cm.
440 #0 - SERIES STATEMENT/ADDED ENTRY--TITLE
Title Let freedom ring
9 (RLIN) 10148
500 ## - GENERAL NOTE
General note Includes bibliographical references (p. 45) and index.
650 #0 - SUBJECT ADDED ENTRY--TOPICAL TERM
Topical term or geographic name as entry element Industrial revolution
Geographic subdivision United States
Form subdivision Juvenile literature.
9 (RLIN) 10149
650 #0 - SUBJECT ADDED ENTRY--TOPICAL TERM
Topical term or geographic name as entry element Industries
Geographic subdivision United States
General subdivision History
Form subdivision Juvenile literature.
9 (RLIN) 10150
650 #1 - SUBJECT ADDED ENTRY--TOPICAL TERM
Topical term or geographic name as entry element Industrial revolution
Geographic subdivision United States.
9 (RLIN) 10151
650 #1 - SUBJECT ADDED ENTRY--TOPICAL TERM
Topical term or geographic name as entry element Industries
Geographic subdivision United States
General subdivision History.
9 (RLIN) 10152
651 #0 - SUBJECT ADDED ENTRY--GEOGRAPHIC NAME
Geographic name United States
General subdivision Economic conditions
Chronological subdivision To 1865
Form subdivision Juvenile literature.
9 (RLIN) 10153
651 #1 - SUBJECT ADDED ENTRY--GEOGRAPHIC NAME
Geographic name United States
General subdivision Economic conditions
Chronological subdivision To 1865.
9 (RLIN) 10154
906 ## - LOCAL DATA ELEMENT F, LDF (RLIN)
a 7
b cbc
c orignew
d 1
e ecip
f 20
g y-gencatlg
942 ## - ADDED ENTRY ELEMENTS (KOHA)
Source of classification or shelving scheme Library of Congress Classification
Koha item type
Holdings
Withdrawn status Lost status Source of classification or shelving scheme Damaged status Home library Current library Shelving location Date acquired Total Checkouts Full call number Barcode Date last seen Copy number Price effective from Koha item type Date checked out
    Library of Congress Classification   Luxembourg Library Luxembourg Library High School Section 08/14/2013   HC 105 .B13 2003 17289 01/19/2016 1 08/14/2013 Books  
    Library of Congress Classification   Luxembourg Library Luxembourg Library High School Section 08/14/2013 1 HC 105 .B13 2003 17290 01/21/2015 2 08/14/2013 Books 01/13/2015

The early American Industrial Revolution, 1793-1850 /

APA

Bagley K., . (2003). The early American Industrial Revolution, 1793-1850. Mankato, MN: Bridgestone Books.

Chicago

Bagley Katie, . 2003. The early American Industrial Revolution, 1793-1850. Mankato, MN: Bridgestone Books.

Harvard

Bagley K., . (2003). The early American Industrial Revolution, 1793-1850. Mankato, MN: Bridgestone Books.

MLA

Bagley Katie, . The early American Industrial Revolution, 1793-1850. Mankato, MN: Bridgestone Books. 2003.

  • Place hold
  • Print
  • Cite
  • Add to your cart (remove)
  • Save record
    BIBTEX Dublin Core MARCXML MARC (non-Unicode/MARC-8) MARC (Unicode/UTF-8) MARC (Unicode/UTF-8, Standard) MODS (XML) RIS
  • More searches
    Search for this title in:
    Other Libraries (WorldCat) Other Databases (Google Scholar) Online Stores (Bookfinder.com) Open Library (openlibrary.org)

Exporting to Dublin Core...

SOUTHVILLE LIBRARY

Southville International School and Colleges Library

1281 Tropical Ave. Cor. Luxembourg St., BF Homes International, Las Pinas City

Tel. No. 8256374 / 252358 Loc. 117/146

Powered by Koha